JESUS. CULTURA E ATTUALITÀ CRISTIANA. GENNAIO 1991. VIAGGIO TRA I CATTOLICI URSS. SETTIMANE SOCIALI DEI CATTOLICI. I (Record n. 335464)
[ formato base ]
| 000 -LEADER | |
|---|---|
| fixed length control field | 02095nas a2200277Ia 4500 |
| 001 - CONTROL NUMBER | |
| control field | R053-S7919 |
| 003 - CONTROL NUMBER IDENTIFIER | |
| control field | IT-CnALBA |
| 008 - FIXED-LENGTH DATA ELEMENTS--GENERAL INFORMATION | |
| fixed length control field | 170116c99999999xx |||||||||||| ||und|| |
| 040 ## - CATALOGING SOURCE | |
| Original cataloging agency | IT-CnALBA |
| Transcribing agency | IT-CnALBA |
| 041 ## - LANGUAGE CODE | |
| Language code of text/sound track or separate title | ITALIANO |
| 999 ## - SYSTEM CONTROL NUMBERS (KOHA) | |
| Koha Dewey Subclass [OBSOLETE] | NO |
| 100 ## - MAIN ENTRY--PERSONAL NAME | |
| Personal name | ANDREATTA STEFANO |
| 210 ## - ABBREVIATED TITLE | |
| Abbreviated title | JESUS |
| 222 ## - KEY TITLE | |
| Key title | JESUS |
| 245 #0 - TITLE STATEMENT | |
| Title | JESUS. CULTURA E ATTUALITÀ CRISTIANA. GENNAIO 1991. VIAGGIO TRA I CATTOLICI URSS. SETTIMANE SOCIALI DEI CATTOLICI. I |
| 250 ## - EDITION STATEMENT | |
| Edition statement | 1a ed. |
| 260 ## - PUBLICATION, DISTRIBUTION, ETC. (IMPRINT) | |
| Place of publication, distribution, etc. | CINISELLO BALSAMO (MI) |
| Name of publisher, distributor, etc. | PERIODICI SAN PAOLO ED. |
| Date of publication, distribution, etc. | 1991 [1° Ed.:1991 - Ed.Ling.Originale: 1991] |
| 300 ## - PHYSICAL DESCRIPTION | |
| Extent | 98 p. |
| 310 ## - CURRENT PUBLICATION FREQUENCY | |
| Current publication frequency | MENSILE |
| 362 ## - DATES OF PUBLICATION AND/OR SEQUENTIAL DESIGNATION | |
| Dates of publication and/or sequential designation | Fascicolo: 1 / Anno: 13 (1991) |
| 500 ## - GENERAL NOTE | |
| General note | CONFRONTO DELLE RELIGIONI SULLE DONNE. RITORNO AL SOCIALE. MAGGIORE ECUMENICITA' DEI LAICI. IN PRINCIPIO LA GIOIA, RAVASI GF. L4 BEFFE, BRAVATE DI PIETRO. MESSORI V. GEMELLAGGIO MARIANO BRIANZA, GUINEA BISSAU. ECLESSE DI DIO TRA I TEOLOGI, ARDUSSO FR. SCUOLA CONTRO INGIUSTIZIA. RILETTURA DELLA BIBBIA AL FEMMINILE. OSTACOLI TRA I PROTESTANTI. MADRE PER IL TALMUD. CHADOR E RIPUDIO RILANCIATI NELLO ISLAM. DESINATA A NUTRIRE MA ANCHE ALLA GUERRA. L'OPINIONE, MONTICONE. DIALOGO TRA I LETTORI. MONDO CRISTIANO. L'AVVENIMENTO. PROVOCAZIONE E RISPOSTA. L'ARTE E LA FEDE. AL FEMMINILE. CONFRONTO BIBBIA. |
| 501 ## - WITH NOTE | |
| With note | Società San Paolo EM - Piazza San Paolo, 14 - 12051 ALBA (CN) (non commercial uses only) ® Copyright 2017 |
| 520 ## - SUMMARY, ETC. | |
| Summary, etc. | CONFRONTO DELLE RELIGIONI SULLE DONNE. RITORNO AL SOCIALE. MAGGIORE ECUMENICITA' DEI LAICI. IN PRINCIPIO LA GIOIA, RAVASI GF. L4 BEFFE, BRAVATE DI PIETRO. MESSORI V. GEMELLAGGIO MARIANO BRIANZA, GUINEA BISSAU. ECLESSE DI DIO TRA I TEOLOGI, ARDUSSO FR. SCUOLA CONTRO INGIUSTIZIA. RILETTURA DELLA BIBBIA AL FEMMINILE. OSTACOLI TRA I PROTESTANTI. MADRE PER IL TALMUD. CHADOR E RIPUDIO RILANCIATI NELLO ISLAM. DESINATA A NUTRIRE MA ANCHE ALLA GUERRA. L'OPINIONE, MONTICONE. DIALOGO TRA I LETTORI. MONDO CRISTIANO. L'AVVENIMENTO. PROVOCAZIONE E RISPOSTA. L'ARTE E LA FEDE. AL FEMMINILE. CONFRONTO BIBBIA. |
| 650 ## - SUBJECT ADDED ENTRY--TOPICAL TERM | |
| Topical term or geographic name as entry element | SCIENZE UMANE E RELIGIOSE |
| 942 ## - ADDED ENTRY ELEMENTS (KOHA) | |
| Koha item type | RIVISTA |
| 957 ## - | |
| -- | 1 |
| 999 ## - SYSTEM CONTROL NUMBERS (KOHA) | |
| -- | 1 |
| Withdrawn status | Lost status | Damaged status | Not for loan | Home library | Current library | Date acquired | Total Checkouts | Full call number | Date last seen | Price effective from | Koha item type | Public note |
|---|---|---|---|---|---|---|---|---|---|---|---|---|
| Buone Condizioni | Not For Loan | ALBA - Biblioteca | ALBA - Biblioteca | 16/01/2017 | R053-S7919 | 16/01/2017 | 16/01/2017 | RIVISTA | (data import: 16 gennaio 2017) - By Epidotti, Vaglietti. |